01068cam a2200241 a 450000100100000000500170001000800410002704000300006808200180009810000370011624501550015326000620030830000250037050000820039560000480047765000220052565100500054765100500059791000340064704900090068195201210069099900150081100000692520200929154025.0010326s1956 sp 001 s spa d aDO-SdBNPbspacDLCdBNPHU a868.68bM379h1 aMartín Artajo, Alberto.91919710aHacia la comunidad hispánica de naciones /cdiscursos del Excm. señor Ministro de Asuntos Exteriores D. Alberto Martín Artajo desde 1945 a 1955. aMadrid, España :bEdiciones Cultura Hispánica,c1956. a141, xi p. ;c22 cm. aApendice: discurso pronunciado ... Madrid, 12 de octubre de 1956 (p. [i]-xi).14aMARTÍN ARTAJO, ALBERTO,xDISCURSOS919198 4aHispanidad919199 4aAmérica LatinaxRelacioneszEspaña919200 4aEspañaxRelacioneszAmérica Latina919201 aCatalogación por copia / LC aBNGR 001054708MOaGRbGRcCTd2009-09-03iLF1l0o868.68 M379hp6925-10r2020-06-25w2020-06-25y4ZPréstamo en sala c6709d6709